| 000 | 00426cam a2200181ua 4500 | ||
|---|---|---|---|
| 001 | 1138 | ||
| 008 | 110428n ii |||gr||||Z||||||eng | ||
| 040 | _cMAIN | ||
| 082 | _a330.1543 | ||
| 245 | 1 |
_aTextbook of econometrics _cby P G Apte |
|
| 250 | _a1st. | ||
| 260 |
_a[s.l]: _b[s.n]. |
||
| 300 |
_a570p.: _c20cm. |
||
| 653 | _aEconomics | ||
| 653 | _aTextbook of econometrics | ||
| 700 |
_aApte, P G., _eAuthor. |
||
| 942 | _cBK | ||
| 999 |
_c1050 _d1050 |
||